|
|
|
|
| LEADER |
00000nam0a2200000 4500 |
| 001 |
85768 |
| 005 |
20231101213434.0 |
| 035 |
|
|
|a (RuTPU)RU\TPU\book\92144
|
| 090 |
|
|
|a 85768
|
| 100 |
|
|
|a 20051117d2004 m y0rusy50 ca
|
| 101 |
0 |
|
|a rus
|
| 102 |
|
|
|a RU
|
| 105 |
|
|
|a a j 001zy
|
| 200 |
1 |
|
|a Линейная калибровка экоаналитических измерительных комплексов по набору стандартных образцов
|e учебное пособие
|f С. С. Беднаржевский, А. Г. Назин, Н. Г. Шевченко
|g Сургутский государственный университет
|
| 210 |
|
|
|a Сургут
|c Изд-во СурГУ
|d 2004
|
| 215 |
|
|
|a 70 с.
|c ил.
|
| 320 |
|
|
|a Библиогр.: с. 68-69.
|
| 610 |
1 |
|
|a экология
|
| 610 |
1 |
|
|a экологическая безопасность
|
| 610 |
1 |
|
|a измерения
|
| 610 |
1 |
|
|a стандартные образцы
|
| 610 |
1 |
|
|a линейная калибровка
|
| 610 |
1 |
|
|a международные стандарты
|
| 610 |
1 |
|
|a ISO 11095
|
| 610 |
1 |
|
|a компьютерное моделирование
|
| 610 |
1 |
|
|a учебные пособия
|
| 675 |
|
|
|a 504.064(075.8)
|v 3
|
| 675 |
|
|
|a 658.562(075.8)
|v 3
|
| 700 |
|
1 |
|a Беднаржевский
|b С. С.
|g Сергей Станиславович
|
| 701 |
|
1 |
|a Назин
|b А. Г.
|g Антон Георгиевич
|
| 701 |
|
1 |
|a Шевченко
|b Н. Г.
|g Николай Гаврилович
|
| 712 |
0 |
2 |
|a Сургутский государственный университет
|2 stltpush
|3 (RuTPU)RU\TPU\col\3446
|9 23832
|
| 801 |
|
1 |
|a RU
|b 63413507
|c 20051117
|g PSBO
|
| 801 |
|
2 |
|a RU
|b 63413507
|c 20120207
|g PSBO
|
| 942 |
|
|
|c BK
|